Fundamental of Semiconductor Devices (Record no. 8057)

000 -LEADER
fixed length control field 00462 a2200169 4500
020 ## - INTERNATIONAL STANDARD BOOK NUMBER
International Standard Book Number 007061220X
040 ## - CATALOGING SOURCE
Original cataloging agency DLC
Language of cataloging DLC
082 ## - DEWEY DECIMAL CLASSIFICATION NUMBER
Classification number 621.38152
100 ## - MAIN ENTRY--PERSONAL NAME
Personal name Achuthan, M. K.
245 ## - TITLE STATEMENT
Title Fundamental of Semiconductor Devices
Statement of responsibility, etc. M. K.Achuthan
260 ## - PUBLICATION, DISTRIBUTION, ETC.
Place of publication, distribution, etc. New Delhi:
Name of publisher, distributor, etc. Tata McGraw-Hill,
Date of publication, distribution, etc. 2007.
300 ## - PHYSICAL DESCRIPTION
Extent xvi, 724 p
Other physical details : ill.
Dimensions ; 24 cm.
500 ## - GENERAL NOTE
General note Includes Index
650 ## - SUBJECT ADDED ENTRY--TOPICAL TERM
Topical term or geographic name entry element Semiconductors.
700 ## - ADDED ENTRY--PERSONAL NAME
Personal name K. N. Bhat
942 ## - ADDED ENTRY ELEMENTS (KOHA)
Koha item type Book
Call number prefix 621.38152 ACH
Source of classification or shelving scheme
Holdings
Withdrawn status Lost status Damaged status Not for loan Collection code Permanent Location Current Location Shelving location Date acquired Source of acquisition Cost, normal purchase price Total Checkouts Full call number Barcode Date last seen Date last checked out Price effective from Koha item type
          Central Library (CL) Central Library (CL) General Stacks 06/01/2007 Allied Book Company 387.54 1 621.38152 ACH SEECS008545 06/15/2015 06/14/2015 01/05/2017 Book
© 2023 Central Library, National University of Sciences and Technology. All Rights Reserved.